000 00941nam a2200313Ic 4500
001 59828
003 CO-BoRNBP
005 20251106220903.0
007 ta
008 180815s2016 mx a g 000 0 spa
020 _a9786071731807
040 _aCO-BoRNBP
_bspa
_erda
_cCO-BoRNBP
041 _aspa
082 0 4 _a636.592
_bC73
245 0 0 _aCrianza de pavos.
250 _aPrimera edición
264 1 _aMéxico :
_bTrillas,
_c2016
300 _a104 páginas :
_bilustraciones, gráficos, mapas en blanco y negro
336 _atexto
_btxt
_2rdacontent
337 _asin mediación
_bn
_2rdamedia
338 _avolumen
_bnc
_2rdacarrier
490 0 _aNegocios agropecuarios
500 _aIncluye glosario
650 0 7 _aCría de pavos
_2LEMB
_966786
650 0 7 _aPavos
_xAlimentación y alimentos
_2lemb
_966787
650 0 7 _aPavos
_xClasificación
_2lemb
_966788
650 0 7 _aPavos
_xHábitos y conducta
_2lemb
_966789
942 _2ddc
_cBK
999 _c59828
_d59828